| 000 | 00979cam a22003375a 4500 | ||
|---|---|---|---|
| 001 | 16607785 | ||
| 003 | OSt | ||
| 005 | 20140310182913.0 | ||
| 008 | 110112s2010 ph b 000 0 eng | ||
| 010 | _a 2010440312 | ||
| 020 | _a9789716010077 | ||
| 040 |
_aDLC _cDLC _dDLC |
||
| 042 | _alcode | ||
| 043 | _aa-ph--- | ||
| 050 |
_aJQ1431 _b.L378 2010 |
||
| 082 |
_aFIL959.9 _b.L378 2010 |
||
| 100 | 1 |
_aLaurel, Salvador H. _q(Salvador Hidalgo), _d1928-2004 |
|
| 245 | 1 | 0 |
_aAfter 100 years - What next? _cLaurel, Salvador H. |
| 260 |
_aManila : _bCelia Diaz-Laurel, _c2010. |
||
| 300 |
_axvii, 305 p. ; _c24 cm. |
||
| 500 | _a"November 18, 2010"--T.p. verso. | ||
| 504 | _aIncludes bibliographical references (p. 281-304). | ||
| 521 | _aCollege Student | ||
| 526 | _c1210L-1700L | ||
| 541 | _j1 | ||
| 541 | _j2 | ||
| 562 | _e2 | ||
| 906 |
_a7 _bpar _corigode _d3 _encip _f20 _gy-gencatlg |
||
| 942 |
_2lcc _cBK _kFIL |
||
| 999 |
_c17252 _d17252 |
||